Statistics for Largest Cities in the World Ending in 's'

Click here to take the quiz!

General Stats

  • This quiz has been taken 189 times
    (149 since last reset)
  • The average score is 13 of 25

Answer Stats

#PopulationRegionAnswer% Correct
120,100,000AfricaLagos
94%
217,600,000AmericasLos Angeles
93%
411,400,000EuropeParis
89%
316,600,000AmericasBuenos Aires
86%
57,300,000AmericasDallas
74%
93,775,000AmericasCaracas
69%
103,500,000EuropeAthens
68%
74,025,000AfricaAlgiers
64%
64,150,000EuropeNaples
61%
162,300,000AmericasLas Vegas
55%
132,725,000EuropeBrussels
52%
132,725,000AfricaTunis
52%
123,200,000AmericasMinneapolis
49%
172,250,000AmericasManaus
47%
192,025,000AmericasIndianapolis
45%
152,350,000AmericasSt. Louis
42%
182,150,000EuropeLeeds
38%
113,250,000AmericasCampinas
34%
83,900,000AsiaDamascus
31%
251,160,000AmericasMemphis
30%
201,770,000AmericasColumbus
28%
241,290,000AfricaFes
22%
211,760,000AmericasSantos
18%
231,450,000AmericasSão Luís
18%
221,520,000AsiaAngeles
5%

Score Distribution

Percentile by Number Answered

Percent of People with Each Score

Your Score History

You have not taken this quiz since the last reset